000
00285nam a2200121Ia 4500
005
20250409181041.0
008
250409s9999||||xx |||||||||||||| ||und||
100
_a
VARMA, M M
245
0
_a
INDIAN COMPANY LAW
260
_b
KING BOOKS PUBLISHERS,
_a
DELHI:
650
_v
Law
942
_c
BOOK
999
_c
7384
_d
7384